Estatísticas para Top 20 Jogadores com mais jogos pelo Cruzeiro

Clique aqui para jogar o quiz

Estatísticas Gerais

  • Esse quiz foi jogado 47 vezes
  • A pontuação média é 6 de 20

Estatísticas das Respostas

PeríodoJogosJogador% Correto
1999-00 e 2005-21976Fábio
98%
2008-11 e 2013-21524Henrique
69%
2010-2021401Léo
62%
1964-1977610Dirceu Lopes
55%
1973-80 e 1981-82411Nelinho
43%
1969-1976457Palhinha
40%
1973-82 e 1984485Joãozinho
36%
1963-1978566Wilson Piazza
29%
1965-1978557Raul Plassmann
26%
1965-1977633Zé Carlos
19%
1991-1997394Nonato
19%
1994-02 e 2007441Ricardinho
19%
1981-88 e 1992-94391Douglas
14%
1963-1974405Pedro Paulo
14%
1986-92 e 1993-95442Ademir
12%
1968-1978538Vanderlei Lazaro
12%
1968-1977427Darci
10%
1969-1981556Eduardo Amorim
5%
1942-1959430Adelino
2%
1956-1967428Vavá
2%

Distribuição das Pontuações

Percentil de Números Respondidos

Porcentagem de Pessoas com Cada Pontuação

Sua Pontuação Histórica

Você não jogou esse quiz